After the war : a collection of short fiction by postwar Italian women /

Bibliographic Details
Other Authors: King, Martha, 1928-
Format: Book
Language:English
Published: New York : Italica Press, 2004.
Edition:1st ed.
Subjects:
Online Access:Table of contents
Table of contents

MARC

Tag First Indicator Second Indicator Subfields
LEADER 00000cam a2200000 a 4500
001 in00002079679
005 20151102131323.0
008 031217s2004 nyu b 000 0 eng
010 |a  2003027453 
020 |a 0934977550 (trade pbk. : alk. paper) 
020 |a 9780934977555 (trade pbk. : alk. paper) 
029 1 |a YDXCP  |b 1109064 
029 1 |a AU@  |b 000025188328 
035 |a (OCoLC)ocm53939695 
035 |a (OCoLC)53939695 
040 |a DLC  |b eng  |c DLC  |d BAKER  |d RMC  |d SYB  |d BTCTA  |d YDXCP  |d OCLCQ  |d OCLCF  |d UtOrBLW 
041 1 |a eng  |h ita 
042 |a pcc 
049 |a TXAM 
050 0 0 |a PQ4253.A9  |b A33 2004 
082 0 0 |a 853/.9140809287  |2 22 
245 0 0 |a After the war :  |b a collection of short fiction by postwar Italian women /  |c edited by Martha King. 
250 |a 1st ed. 
264 1 |a New York :  |b Italica Press,  |c 2004. 
300 |a xii, 267 pages ;  |c 22 cm. 
336 |a text  |b txt  |2 rdacontent 
337 |a unmediated  |b n  |2 rdamedia 
338 |a volume  |b nc  |2 rdacarrier 
504 |a Includes bibliographical references. 
505 0 0 |t The fragment of a thriller /  |r Silvia Ballestra --  |t Everyone is a pain in the ass /  |r Camilla Baresani --  |t The time that Mina kissed me /  |r Rosanna Campo --  |t Letters to Luissa /  |r Paola Capriolo --  |t Happy New Year! /  |r Antonella Cilento --  |t The angels /  |r Emilia Cirillo --  |t Skeletons without closets /  |r Carmen Covito --  |t Northern hills /  |r Maria Rosa Cutrufelli --  |t Delia's elevator /  |r Elena Ferrante --  |t Bare to the sun /  |r Margherita Giacobino --  |t Letters to Manola /  |r Margaret Mazzantini --  |t Private property /  |r Melania G. Mazzucco --  |t Lord Bland's mansion /  |r Marta Morazzoni --  |t Nights owls /  |r Laura Pariani --  |t João Freitas /  |r Romana Petri --  |t Women at the pool /  |r Sandra Petrignani --  |t The truck /  |r Elisabetta Rasy --  |t Animals /  |r Monica Sarsini --  |t The good daughter /  |r Clara Sereni --  |t Monday again /  |r Susanna Tamaro --  |t Behind the port /  |r Valeria Viganò --  |t The woman on the cliffs /  |r Simona Vinci. 
650 0 |a Italian fiction  |x Women authors  |v Translations into English. 
650 0 |a Italian fiction  |y 20th century  |v Translations into English. 
650 7 |a Italian fiction.  |2 fast  |0 (OCoLC)fst00980468 
650 7 |a Italian fiction  |x Women authors.  |2 fast  |0 (OCoLC)fst00980474 
648 7 |a 1900 - 1999  |2 fast 
655 7 |a Translations.  |2 fast  |0 (OCoLC)fst01423791 
700 1 |a King, Martha,  |d 1928- 
776 0 8 |i Online version:  |t After the war.  |b 1st ed.  |d New York : Italica Press, 2004  |w (OCoLC)607176621 
856 4 1 |3 Table of contents  |u http://catdir.loc.gov/catdir/toc/ecip0412/2003027453.html  |t 0 
856 4 1 |3 Table of contents  |u http://www.loc.gov/catdir/toc/ecip0412/2003027453.html  |t 0 
938 |a Baker & Taylor  |b BKTY  |c 22.01  |d 26.96  |i 0934977550  |n 0004394475  |s active 
938 |a Baker and Taylor  |b BTCP  |n 2003027453 
938 |a YBP Library Services  |b YANK  |n 1109064 
945 |i PromptCat 
947 |a A14832695943 
948 |a cataloged  |b h  |c 2005/10/6  |d c  |e rbarron  |f 1:25:17 pm 
994 |a C0  |b TXA 
999 |a MARS 
999 f f |s 8756a6d0-44af-3353-8416-6dde45c46a28  |i 40d01fb1-3a9a-37cd-a4d6-e4415c4c5d52  |t 0 
952 f f |p normal  |a Texas A&M University  |b College Station  |c Sterling C. Evans Library  |d Evans: Library Stacks  |t 0  |e PQ4253.A9 A33 2004  |h Library of Congress classification  |i unmediated -- volume  |m A14832695943 
998 f f |a PQ4253.A9 A33 2004  |t 0  |l Evans: Library Stacks